The unquiet

Bibliographic Details
Main Author: MATTHEWS, Patricia
Format: Book
Published: Surrey : Severn House Publishers , 1991
Subjects:

MARC

LEADER 00000cam a2200000 7i4500
001 0000000779
002 000000879
005 20000330.0
020 |a 0727842196 
090 0 0 |a F   |b MAT 
100 1 |a MATTHEWS, Patricia 
245 1 4 |a The unquiet   |c Patricia Matthews 
260 |a Surrey :   |b Severn House Publishers ,   |c 1991 
300 |a 279 p. ;   |c 22 cm. 
650 0 0 |a Horror fiction 
999 |a 030746   |b BUKU   |c FICTION   |e PERPUSTAKAAN KOMUNITI PETALING JAYA